|
|
|
|
| LEADER |
00000nam a2200000Ia 4500 |
| 008 |
180828b1996 cr ||||| |||| 00| | spa d |
| 999 |
|
|
|c 2079
|d 2079
|
| 090 |
|
|
|a 13.08.00
|b 162
|
| 111 |
|
|
|a Simposio Internacional en Ciencias del Deporte y la Salud [3° : 1996 : San José, Costa Rica]
|9 4147
|
| 245 |
|
|
|a Memoria /
|c Simposio Internacional en Ciencias del Deporte y la Salud [3° : 1996 : San José, Costa Rica]
|
| 260 |
|
|
|a San José, Costa Rica. :
|b UCR,
|c 1996
|
| 300 |
|
|
|a 157
|
| 500 |
|
|
|a 157 páginas
|
| 650 |
1 |
4 |
|a DEPORTES
|9 2152
|
| 650 |
1 |
4 |
|a SALUD
|9 268
|
| 650 |
1 |
4 |
|a APRENDIZAJE
|9 387
|
| 650 |
1 |
4 |
|a OCIO
|9 601
|
| 650 |
1 |
4 |
|a CONFERENCIA
|9 506
|
| 942 |
|
|
|i 00167
|h 13.08.00 162
|2 z
|c 01
|